| 000 | 01355nam a2200241 i 4500 | ||
|---|---|---|---|
| 001 | BPP | ||
| 003 | BPK | ||
| 005 | 20171114120939.0 | ||
| 008 | 150213s1988 pl f |000 0 pol | ||
| 040 | _cBPK | ||
| 080 | _a624.012.45 | ||
| 080 | _a628.32 | ||
| 100 |
_aPIĄTEK, Zdzisław. _d1970 - 1996. _bWyższa Szkoła Inżynierska w Koszalinie - Wydział Inżynierii Lądowej i Sanitarnej, _cZakład Konstrukcji Betonowych |
||
| 245 |
_aOpinia dotycząca stanu technicznego zbiorników żelbetowych oczyszczalni ścieków w Zakładach Garbarskich w Kępicach / _cZdzisław Piątek, Waldemar Borjaniec, Ryszard Kamyno. |
||
| 260 |
_aKoszalin, _c1988. |
||
| 500 | _aDane z autopsji. | ||
| 520 | _aCelem opracowania jest wydanie opinii o stanie technicznym dwóch zbiorników żelbetowych zakładowej oczyszczalni ścieków w Zakładach Garbarskich w Kępicach oraz określenie możliwości i sposobu naprawy. | ||
| 650 | 0 | _aZbiorniki. | |
| 650 | 0 | _aOczyszczalnia ścieków. | |
| 700 |
_aBORJANIEC, Waldemar. _d1974 - 1996. _bWyższa Szkoła Inżynierska w Koszalinie - Wydział Inżynierii Lądowej i Sanitarnej, _cZakład Konstrukcji Betonowych |
||
| 700 |
_aKAMYNO, Ryszard. _d1979 - 1988. _bWyższa Szkoła Inżynierska w Koszalinie - Wydział Inżynierii Lądowej i Sanitarnej, _cZakład Konstrukcji Betonowych |
||
| 942 |
_cMN _2UKD |
||
| 999 |
_c2042 _d2042 |
||